| 000 | 00735nam a2200253 a 4500 | ||
|---|---|---|---|
| 999 |
_c2649 _d2649 |
||
| 003 | UkOxU | ||
| 005 | 20210716053937.0 | ||
| 008 | 500101s1994 enk 000 0 eng d | ||
| 020 | _a1563756641 | ||
| 040 | _cALUPE UNIVERSITY | ||
| 049 |
_aCU _le |
||
| 050 |
_aRC582 _b.B76 1994 |
||
| 092 | _aD0502367230 | ||
| 092 | _a11262097 | ||
| 100 | 1 | _aBrostoff, Jonathan. | |
| 245 | 1 | 0 |
_aClinical immunology : _ban illustrated outline / _cJonathan Brostoff, David K. Male. |
| 260 |
_aLondon : _bMosby, _c1994. |
||
| 300 |
_a132 p. ; _c19 cm. |
||
| 650 | 0 | _aClinical immunology. | |
| 700 | 1 |
_aMale, David K., _d1954- |
|
| 942 |
_2lcc _cBK _nSO |
||